| 000 | 00620nam a2200229 a 4500 | ||
|---|---|---|---|
| 001 | BRCA_8288 | ||
| 005 | 20190320210219.0 | ||
| 008 | 130614s1955----mx-a###g##---#001-0#spa-# | ||
| 041 | _aspa | ||
| 044 | _amx | ||
| 050 | 4 |
_aPQ6168 _b.H45 1955 |
|
| 100 | 1 |
_aHelguera, Ignacio _920701 |
|
| 245 | 1 | 0 |
_aEl hallazgo engañoso _by otros cuentos _cIgnacio Helguera. |
| 260 |
_aMéxico _bMuñoz S.A. _c1955 |
||
| 300 |
_a221 p. _bil. _c17 cm. |
||
| 500 | _aDedicatoria del autor al señor Franz Mayer | ||
| 500 | _aS80 | ||
| 650 | 1 | 4 |
_aHumorismo mexicano _912995 |
| 650 | 1 | 4 |
_aCuentos _910272 |
| 902 | _aGFM | ||
| 942 |
_2lcc _cB |
||
| 999 |
_c7956 _d7956 |
||